Top 5 European Leagues Top Scorers: 2024/25 - Statistics

General Stats
  • This quiz has been taken 49 times
  • The average score is 17 of 26
Answer Stats
League Goals Club Nationality Player % Correct
Premier League 22 Manchester City Norway Erling Haaland
100%
La Liga 31 Real Madrid France Kylian Mbappe
100%
Premier League 29 Liverpool Egypt Mohamed Salah
100%
La Liga 27 Barcelona Poland Robert Lewandowski
100%
Premier League 23 Newcastle Sweden Alexander Isak
96%
Bundesliga 26 Bayern Munich England Harry Kane
96%
Ligue 1 21 PSG France Ousmane Dembele
85%
Premier League 20 Brentford Cameroon Bryan Mbeumo
83%
Premier League 20 Nottingham Forest New Zealand Chris Wood
83%
Ligue 1 21 Marseille England Mason Greenwood
78%
Bundesliga 21 Borussia Dortmund Guinea Serhou Guirassy
78%
La Liga 20 Atletico Madrid Norway Alexander Sorloth
76%
Serie A 14 Inter France Marcus Thuram
76%
Bundesliga 21 Bayer Leverkusen Czechia Patrik Schick
76%
Serie A 15 Atalanta Nigeria Ademola Lookman
74%
Serie A 14 Napoli Belgium Romelu Lukaku
70%
Ligue 1 16 Lille Canada Jonathan David
61%
Serie A 19 Fiorentina Italy Moise Kean
57%
Ligue 1 15 Lyon France Alexandre Lacazette
50%
La Liga 21 Osasuna Croatia Ante Budimir
50%
Serie A 25 Atalanta Italy Mateo Retegui
48%
Serie A 15 Bologna Italy Riccardo Orsolini
30%
La Liga 19 Villarreal Spain Ayoze Perez
22%
Bundesliga 18 Mainz Germany Jonathan Burkardt
22%
Bundesliga 16 Borussia Monchengladbach Germany Tim Kleindienst
22%
Ligue 1 17 Rennes France Arnaud Kalimuendo
17%
No matching quizzes found
Score Distribution
Percent of People with Each Score
Percentile by Number Answered
Your Score History
You have not taken this quiz